[Event "TCh-YUG Women"]
[Site "Kragujevac YUG"]
[Date "2000.12.20"]
[Round "10"]
[White "Prudnikova,S"]
[Black "Dembo,Y"]
[Result "1-0"]
[WhiteElo "2428"]
[BlackElo "2322"]

1.c4 Nf6 2.Nc3 g6 3.Nf3 Bg7 4.e4 d6 5.d4 O-O 6.Be2 e5 7.O-O Nc6 8.d5 Ne7
9.b4 Ne8 10.Nd2 f5 11.f3 f4 12.c5 h5 13.Nc4 g5 14.Bd2 Bf6 15.Be1 Kh8 16.Bf2 Rg8
17.g4 fxg3 18.hxg3 Ng6 19.Re1 Bd7 20.Rc1 Be7 21.cxd6 cxd6 22.Ne3 Nf4 23.Bf1 g4
24.fxg4 Nf6 25.Qd2 Nxg4 26.Nxg4 Rxg4 27.Kh2 Ng6 28.Qh6+ Kg8 29.Bh3 Bf8 30.Qd2 h4
31.Bxg4 hxg3+ 32.Bxg3 Bxg4 33.Rf1 Qe7 34.Kg1 Nh8 35.Nb5 Qg7 36.Rc7 Qg6 37.Qg2 Bh6
38.Bh2 Rd8 39.Kh1 a6 40.Rc3 Rd7 41.Rg3 Rg7 42.Nxd6 Bf4 43.Rxg4 Qxg4 44.Qxg4 Rxg4
45.Bxf4 exf4 46.Nxb7 Ng6 47.d6 Rh4+ 48.Kg2 Ne5 49.Nc5 Kf7 50.d7 Ke7 51.Rd1 f3+
52.Kf2 Rh2+ 53.Ke3 Nc6 54.Nxa6 Rxa2 55.b5 Ra3+ 56.Kf2 Nd8 57.Nb4  1-0

[Event "Abel Cardona Open"]
[Site "Cali COL"]
[Date "2000.12.21"]
[Round "8"]
[White "Borges Mateos,J"]
[Black "Pecorelli Garcia,H"]
[Result "0-1"]
[WhiteElo "2475"]
[BlackElo "2418"]

1.d4 Nf6 2.c4 g6 3.Nc3 Bg7 4.e4 d6 5.Nf3 O-O 6.Be2 e5 7.O-O Nc6 8.d5 Ne7
9.Ne1 Nd7 10.Be3 f5 11.f3 f4 12.Bf2 g5 13.Nd3 Rf6 14.Rc1 Rh6 15.b4 Qe8 16.c5 Qh5
17.h3 Nxc5 18.Bxc5 Bxh3 19.Nf2 Bxg2 20.Ng4 Qh1+ 21.Kf2 Qh4+  0-1

[Event "2nd Viking IM"]
[Site "York ENG"]
[Date "2000.12.21"]
[Round "9"]
[White "Ryan,J"]
[Black "Aarthie,R"]
[Result "1/2-1/2"]
[WhiteElo "2291"]
[BlackElo "2319"]

1.d4 Nf6 2.Nf3 g6 3.c4 Bg7 4.Nc3 O-O 5.e4 d6 6.Be2 e5 7.O-O Nc6 8.d5 Ne7
9.b4 Nh5 10.Re1 Nf4 11.Bf1 a5 12.Ba3 axb4 13.Bxb4 b6 14.a4 f5 15.Nd2 fxe4
16.Ndxe4 Nf5 17.g3 Nh5 18.Bg2 Nd4 19.a5 bxa5 20.Rxa5 Rxa5 21.Bxa5 Nf6 22.c5 Bg4
23.Bxc7 Qxc7 24.Nxf6+ Bxf6 25.Qxg4 Qxc5 26.Ne4 Qc7 27.h4 Kg7 28.Re3 Bd8 29.Kh2 Qf7
30.Ra3 Nf5 31.Qd1 Kh8 32.Rf3 Qg7 33.Qa4 Nd4 34.Rc3 Qf7 35.Qc4 Ba5 36.Re3 Bd8
37.Qa2 Bb6 38.Qa6 Bc7 39.Rc3 Bb8 40.Qa2 Bc7 41.Qa6 Bb8 42.Rc8 Rxc8 43.Qxc8+ Qg8
44.Qb7 Qd8 45.Ng5 Qc7 46.Qb1 Ba7 47.Be4 Qe7 48.Kg2 Bc5 49.Qb8+ Kg7 50.Qc8 h6
51.Nh3 Nb5 52.Qg4 Qf7 53.h5 g5 54.f4 exf4 55.gxf4 Nc3 56.fxg5 Nxe4 57.gxh6+ Kxh6
58.Qxe4 Qxh5 59.Qf4+ Kg6 60.Qg3+ Kh6 61.Qf4+ Kg6 62.Qe4+ Kh6 63.Nf2 Bxf2
64.Kxf2 Qh2+ 65.Ke3 Qg3+ 66.Kd2 Qa3 67.Qf4+  1/2-1/2

[Event "1st Wilhelm Steinitz Mem"]
[Site "Prague CZE"]
[Date "2000.12.26"]
[Round "1"]
[White "Pribyl,M"]
[Black "Lanka,Z"]
[Result "1/2-1/2"]
[WhiteElo "2331"]
[BlackElo "2504"]

1.Nf3 Nf6 2.d4 g6 3.c4 Bg7 4.Nc3 O-O 5.e4 d6 6.Be2 e5 7.O-O Nc6 8.d5 Ne7
9.b4 a5 10.bxa5 c5 11.Nd2 Rxa5 12.Nb3 Ra6 13.f4 exf4 14.Bxf4 h6 15.Qd2 g5
16.Bg3 Ng6 17.Rf2 Ng4 18.Bxg4 Bxg4 19.h3 Bd7 20.Raf1 Qe7 21.Kh1 Ne5 22.Qe2 Raa8
23.Nd1 Ng6 24.Ne3 Rae8 25.Nf5 Bxf5 26.Rxf5 b6 27.Nc1 Qxe4 28.Qxe4 Rxe4 29.Bxd6 Rd8
30.Bc7 Rd7 31.Bxb6 Rxc4 32.Nb3 Be5 33.Bxc5 Rxd5 34.Rxf7 Rdxc5 35.Nxc5 Rxc5
36.Ra7 Rc8 37.Ra6  1/2-1/2

[Event "Christmas Open"]
[Site "Zurich SUI"]
[Date "2000.12.26"]
[Round "1"]
[White "Ikonnikov,V"]
[Black "Umbach,A"]
[Result "1-0"]
[WhiteElo "2548"]
[BlackElo "2177"]

1.d4 Nf6 2.Nf3 g6 3.c4 Bg7 4.Nc3 O-O 5.e4 d6 6.Be2 e5 7.O-O Nc6 8.d5 Ne7
9.Ne1 Nd7 10.Be3 f5 11.f3 Rf7 12.a4 Nf6 13.c5 f4 14.Bf2 g5 15.a5 Bf8 16.cxd6 cxd6
17.Nb5 g4 18.Nxa7 g3 19.Bb6 gxh2+ 20.Kxh2 Qe8 21.Bb5 Bd7 22.Bxd7 Nxd7 23.Bf2 Rf6
24.Rh1 Rh6+ 25.Kg1 Rxh1+ 26.Kxh1 Ng6 27.Nb5 Qd8 28.b4 Nf6 29.Bb6 Qe7 30.Kg1 Nh5
31.Rc1 Ng3 32.Nd3 Qd7 33.Nc7 Rc8 34.b5 Rb8 35.Ba7 Rc8 36.b6  1-0

[Event "Australian Open"]
[Site "Canberra AUS"]
[Date "2000.12.29"]
[Round "2"]
[White "Sutherland,J"]
[Black "Rogers,I"]
[Result "0-1"]
[WhiteElo "2056"]
[BlackElo "2558"]

1.d4 Nf6 2.c4 g6 3.Nc3 Bg7 4.e4 O-O 5.Nf3 d6 6.Be2 e5 7.O-O Nc6 8.d5 Ne7
9.b4 Nh5 10.Re1 f5 11.Nd2 Nf4 12.Bf1 c6 13.g3 Nh5 14.exf5 Nxf5 15.Nde4 Nd4
16.Bg2 Bf5 17.c5 dxc5 18.bxc5 Bxe4 19.Nxe4 cxd5 20.Nd6 e4 21.Be3 Qf6 22.Qd2 b6
23.cxb6 axb6 24.Nb5 Nf5 25.Qxd5+ Kh8 26.Qxe4 Rae8 27.Qc2 Nxe3 28.fxe3 Bh6
29.Qc3 Bxe3+ 30.Kh1 Re5 31.Rxe3 Rxe3 32.Qxf6+ Nxf6 33.Rb1 Rfe8 34.Kg1 Re1+
35.Rxe1 Rxe1+ 36.Kf2 Rc1 37.a3 Ng4+ 38.Kf3 h5 39.Kf4  0-1

[Event "Ambassador Open"]
[Site "Bern SUI"]
[Date "2000.12.30"]
[Round "7"]
[White "Hamzabegovic,M"]
[Black "Stauch,E"]
[Result "1-0"]
[WhiteElo "2114"]
[BlackElo "2257"]

1.d4 Nf6 2.c4 g6 3.Nc3 Bg7 4.e4 d6 5.Nf3 O-O 6.Be2 e5 7.O-O Nc6 8.d5 Ne7
9.b4 a5 10.Ba3 axb4 11.Bxb4 b6 12.a4 Nh5 13.Re1 Nf4 14.Bf1 Bd7 15.a5 bxa5
16.Bxa5 Qb8 17.Nb5 Bxb5 18.cxb5 Nc8 19.Qc2 Nb6 20.Qc6 Ra7 21.Bxb6 Rxa1 22.Rxa1 Qxb6
23.Ra6 Qb8 24.b6 cxb6 25.Rxb6 Qa7 26.g3 Qa3 27.Nd2 Qa2 28.Qc3 Nxd5 29.exd5 Qxd5
30.Bc4 Qc5 31.Qb3 Qd4 32.Nf3 Qa1+ 33.Kg2 e4 34.Ng5 Bd4 35.Rxd6 Bc5 36.Rd1 Qf6
37.Nxe4  1-0

[Event "17th Open"]
[Site "Boblinger GER"]
[Date "2000.12.30"]
[Round "8"]
[White "Kalod,R"]
[Black "Scholz,C"]
[Result "1-0"]
[WhiteElo "2483"]
[BlackElo "2324"]

1.Nf3 d6 2.d4 Nf6 3.c4 g6 4.Nc3 Bg7 5.e4 O-O 6.Be2 e5 7.O-O Nc6 8.d5 Ne7
9.b4 a5 10.bxa5 c5 11.a4 Ne8 12.Ra3 Kh8 13.Bd2 Ng8 14.Nb5 Qe7 15.Re1 h6 16.g3 f5
17.Nh4 Qf7 18.exf5 Bxf5 19.Nxf5 gxf5 20.Qc2 Qg6 21.Kh1 Ngf6 22.Rg1 Rd8 23.g4 Ne4
24.Be1 Qf6 25.Bd3 Ng5 26.Bxf5 h5 27.Bd2 hxg4 28.Bxg5 Qxg5 29.Rh3+  1-0

[Event "1st Integrata GM"]
[Site "Darmstadt GER"]
[Date "2001.01.08"]
[Round "1"]
[White "Ovsejevitsch,S"]
[Black "Rechel,B"]
[Result "1-0"]
[WhiteElo "2526"]
[BlackElo "2402"]

1.d4 Nf6 2.c4 g6 3.Nc3 Bg7 4.e4 d6 5.Nf3 O-O 6.Be2 e5 7.O-O Nc6 8.d5 Ne7
9.Kh1 Kh8 10.a4 a5 11.Ne1 Nd7 12.Nd3 f5 13.Bd2 Nf6 14.f3 c5 15.exf5 Nxf5
16.Nf2 Ng8 17.Nfe4 Bh6 18.Bxh6 Ngxh6 19.Qd2 Nf7 20.f4 Bd7 21.Rae1 exf4 22.Qxf4 Qe7
23.Bd3 Qe5 24.Qxe5+ Nxe5 25.Nxc5 Nxd3 26.Nxd3 Ne3 27.Rxf8+ Rxf8 28.c5 Nc2
29.Rc1 Nb4 30.Nxb4 axb4 31.Ne4 dxc5 32.Nxc5 Rc8 33.a5 Bb5 34.Kg1 Kg8 35.Kf2 Re8
36.Ne6 Bd7 37.Rc7 Bxe6 38.dxe6 Rxe6 39.Rxb7 Ra6 40.Rb5  1-0

[Event "Troll Masters"]
[Site "Gausdal NOR"]
[Date "2001.01.08"]
[Round "4"]
[White "Sorensen,H"]
[Black "Harestad,H"]
[Result "1-0"]
[WhiteElo "2245"]
[BlackElo "2188"]

1.d4 Nf6 2.Nf3 g6 3.c4 Bg7 4.Nc3 O-O 5.e4 d6 6.Be2 e5 7.O-O Nc6 8.d5 Ne7
9.Ne1 Nd7 10.Nd3 f5 11.f4 Kh8 12.Kh1 fxe4 13.Nxe4 Nf5 14.Ng5 Nc5 15.Nxc5 dxc5
16.fxe5 Bxe5 17.g4 Nd6 18.Rb1 Bd7 19.b4 h6 20.Nf3 Bg7 21.bxc5 Ne4 22.Qc2 Bxg4
23.Bb2 Qe7 24.Bxg7+ Kxg7 25.d6 cxd6 26.cxd6 Nxd6 27.c5 Nf7 28.Rb4 Bf5 29.Qb2+ Kg8
30.Rxb7 Qxc5 31.Rb5 Qc6 32.Rc1 Qd6 33.Rxf5 gxf5 34.Rg1+ Ng5 35.Nxg5 hxg5
36.Rxg5+ Kf7 37.Qb7+ Ke6 38.Rg6+ Ke5 39.Rxd6 Kxd6 40.Qb4+ Kd5 41.Qb5+ Kd4
42.Qb4+ Ke5 43.Qc3+ Kd6 44.Qd4+ Kc7 45.Qe5+  1-0

[Event "1st Integrata GM"]
[Site "Darmstadt GER"]
[Date "2001.01.11"]
[Round "6"]
[White "Savchenko,S"]
[Black "Rechel,B"]
[Result "1-0"]
[WhiteElo "2579"]
[BlackElo "2402"]

1.d4 Nf6 2.c4 g6 3.Nc3 Bg7 4.e4 d6 5.Nf3 O-O 6.Be2 e5 7.O-O Nc6 8.d5 Ne7
9.b4 a5 10.Ba3 Nh5 11.c5 Nf4 12.b5 b6 13.cxd6 cxd6 14.Nd2 f5 15.Nc4 Rf6 16.Re1 Nxe2+
17.Rxe2 f4 18.Nxe5 Rf8 19.Nc6 Nxc6 20.dxc6 Be6 21.e5 f3 22.Re3 Qg5 23.Rxf3 Rxf3
24.Qxf3 Bxe5 25.Rc1 Rf8 26.Qe3 Qh5 27.h3 Qf5 28.Re1 Bc4 29.Ne4  1-0

[Event "XXVI Open"]
[Site "Seville ESP"]
[Date "2001.01.14"]
[Round "3"]
[White "Pogorelov,R"]
[Black "Garcia Luque,A"]
[Result "1/2-1/2"]
[WhiteElo "2429"]
[BlackElo "2392"]

1.d4 Nf6 2.c4 g6 3.Nc3 Bg7 4.e4 d6 5.Be2 O-O 6.Nf3 e5 7.O-O Nc6 8.d5 Ne7
9.Ne1 Ne8 10.Be3 c5 11.dxc6 bxc6 12.Qd2 Be6 13.Rd1 Qc7 14.b4 Rd8 15.b5 d5
16.cxd5 cxd5 17.Nxd5 Nxd5 18.exd5 Rxd5 19.Qc2 Rxd1 20.Qxd1 Nd6 21.Qa4 Nc8
22.Nf3 Nb6 23.Qa3 Qc2 24.Re1 Qxa2 25.Qxa2 Bxa2 26.Bf1 h6 27.Ra1 Bc4 28.Rxa7 Bxf1
29.Kxf1 Rb8 30.Ra6 Nc4 31.b6 Bf8 32.Nd2 Nxd2+ 33.Bxd2 Bc5 34.Be3 Bxe3 35.fxe3 Kf8
36.Ke2 Ke7 37.Kd3 Kd6 38.Kc4 Rc8+ 39.Kb5 Rc2 40.Ra4 Rxg2 41.Ka6 Rxh2 42.b7 Rb2
43.Ka7 h5 44.b8=Q+ Rxb8 45.Kxb8 g5 46.e4 h4 47.Ra7 Kc5 48.Rxf7 Kd4 49.Rg7 Kxe4
50.Rxg5 Kf4 51.Rh5 e4 52.Rxh4+ Kf3 53.Rh8 e3  1/2-1/2

[Event "Tch-AUT 2000-01"]
[Site "Graz AUT"]
[Date "2001.01.19"]
[Round "6"]
[White "Ganaus,H"]
[Black "Kindermann,S"]
[Result "0-1"]
[WhiteElo "2382"]
[BlackElo "2522"]

1.d4 Nf6 2.c4 g6 3.Nc3 Bg7 4.e4 d6 5.Nf3 O-O 6.Be2 e5 7.O-O Nc6 8.d5 Ne7
9.a4 a5 10.Ra3 Nd7 11.Ne1 f5 12.exf5 Nxf5 13.Ne4 h6 14.Nf3 Nf6 15.Nfd2 Nd4
16.Nxf6+ Qxf6 17.Bd3 Bf5 18.Ne4 Qh4 19.f3 b6 20.g4 Bd7 21.Ng3 h5 22.gxh5 gxh5
23.Bg6 Be8 24.Bb1 Rf6 25.Kh1 Bg6 26.Ne4 Rxf3 27.Raxf3 Nxf3 28.Nf6+ Bxf6 29.Qxf3 Bxb1  0-1

[Event "ch-POL Girls U16"]
[Site "Zakopane POL"]
[Date "2001.01.21"]
[Round "6"]
[White "Kadziolka,B"]
[Black "Kupczyk,E"]
[Result "0-1"]
[WhiteElo "2169"]
[BlackElo "2010"]

1.d4 Nf6 2.Nf3 g6 3.c4 Bg7 4.Nc3 d6 5.e4 O-O 6.Be2 e5 7.O-O Nc6 8.d5 Ne7
9.b4 Ne8 10.a4 f5 11.Nd2 Nf6 12.Ba3 f4 13.c5 g5 14.f3 Rf7 15.Nc4 Ne8 16.Rc1 Ng6
17.a5 Bf8 18.cxd6 cxd6 19.a6 b6 20.b5 h5 21.Na2 Rg7 22.h3 Nf6 23.Kf2 g4 24.hxg4 Nxe4+
25.fxe4 Qh4+ 26.Kg1 hxg4 27.Bxg4 Bxg4 28.Qe1 Qf6 29.Ne3 Bd7 30.Nf5 Bxf5 31.exf5 Nh4
32.Rc2 f3 33.g3 Qxf5 34.Rh2 Qg4 35.Nb4 Nf5  0-1

[Event "Open"]
[Site "Ubeda ESP"]
[Date "2001.01.22"]
[Round "2"]
[White "Pogorelov,R"]
[Black "Zulfugarli,M"]
[Result "1-0"]
[WhiteElo "2429"]
[BlackElo "2496"]

1.Nf3 Nf6 2.c4 g6 3.Nc3 Bg7 4.e4 d6 5.d4 O-O 6.Be2 e5 7.O-O Nc6 8.d5 Ne7
9.Ne1 Ne8 10.Nd3 f5 11.Bd2 c5 12.Rb1 b5 13.cxb5 fxe4 14.Nxe4 Nxd5 15.Qb3 Nc7
16.Bg5 Qd7 17.f4 Qxb5 18.fxe5 Qxb3 19.axb3 dxe5 20.Ndxc5 h6 21.Bd2 Kh7 22.Rxf8 Bxf8
23.Rf1 Bf5 24.g4 Bxe4 25.Nxe4 Be7 26.Bc3 Re8 27.Bc4 Rf8 28.Bxe5 Rxf1+ 29.Kxf1 Bf8
30.Ke2 Bg7 31.Bxg7 Kxg7 32.Kd3 Nf6 33.Nf2 Kf8 34.Kd4 Ke7 35.Kc5 Kd7 36.b4 g5
37.h3 Nce8 38.Bb5+ Ke7 39.Bxe8 Nxe8 40.Ne4 Kd7 41.Kd5 Ke7 42.Ke5 a6 43.Kd5 Nc7+
44.Kc6 Ne6 45.Kb6 Nf4 46.Kxa6  1-0

[Event "Elbow Beach Club GMB"]
[Site "Paget Parish BER"]
[Date "2001.01.26"]
[Round "8"]
[White "Doettling,F"]
[Black "Blehm,P"]
[Result "1/2-1/2"]
[WhiteElo "2509"]
[BlackElo "2512"]

1.d4 Nf6 2.Nf3 g6 3.c4 Bg7 4.Nc3 d6 5.e4 O-O 6.Be2 e5 7.O-O Nc6 8.d5 Ne7
9.Kh1 Kh8 10.Ne1 Nfg8 11.Nd3 f5 12.f3 Bh6 13.c5 Bd7 14.Qb3 b6 15.cxd6 cxd6
16.Qa3 Nc8 17.Bxh6 Nxh6 18.f4 exf4 19.Nxf4 Qf6 20.exf5 gxf5 21.Bb5 Bxb5 22.Nxb5 Ng4
23.h3 Ne5 24.Rae1 Rg8 25.Qc3 a6 26.Nxd6 Nxd6 27.Qxe5 Qxe5 28.Rxe5 Rac8 29.Re6 Ne4
30.Kh2 Rc2 31.Rxb6 Ng3 32.Rf3 Nh5 33.h4 Nxf4 34.Rxf4 Rgxg2+ 35.Kh3 Rh2+ 36.Kg3 Rhg2+
37.Kh3 Rh2+ 38.Kg3 Rhg2+  1/2-1/2

[Event "Corus Reserve Gp"]
[Site "Wijk aan Zee NED"]
[Date "2001.01.26"]
[Round "9"]
[White "De Roda,J"]
[Black "Doggers,P"]
[Result "1/2-1/2"]
[WhiteElo "2327"]
[BlackElo "2161"]

1.d4 Nf6 2.c4 g6 3.Nc3 Bg7 4.e4 d6 5.Nf3 O-O 6.Be2 e5 7.O-O Nc6 8.d5 Ne7
9.b4 Nh5 10.Re1 a5 11.bxa5 Rxa5 12.a4 c5 13.Ra3 Ra6 14.g3 h6 15.Bd2 Nf6 16.Bf1 Nd7
17.Bh3 f5 18.Nh4 Nf6 19.f3 fxe4 20.Bxc8 Qxc8 21.fxe4 Qh3 22.Rf1 Raa8 23.Qe2 Kh7
24.Nb5 Nxe4 25.Rxf8 Rxf8 26.Rf3 Nxd2 27.Rxf8 Bxf8 28.Qxd2 Nf5 29.Nxf5 gxf5
30.Qa5 Qg4 31.Qd8 Bg7 32.Nxd6 e4 33.Qd7 Qd1+  1/2-1/2

[Event "ch-POL Boys U16"]
[Site "Zakopane POL"]
[Date "2001.01.26"]
[Round "11"]
[White "Sypnicki,D"]
[Black "Szoen,D"]
[Result "1/2-1/2"]
[WhiteElo "2162"]
[BlackElo "2152"]

1.d4 Nf6 2.c4 g6 3.Nc3 Bg7 4.e4 d6 5.Nf3 O-O 6.Be2 e5 7.O-O Nc6 8.dxe5 Nxe5
9.Bf4 Nfd7 10.Qd2 Nxf3+ 11.Bxf3 Ne5 12.Be2 Be6 13.b3 f5 14.Rad1 fxe4 15.Nxe4 Qe7
16.Rfe1 Kh8 17.Ng5 Bf5 18.Nf3 Qf7 19.Nxe5 dxe5 20.Bg3 c6 21.Bd3 Rfe8 22.Qc2 Rad8
23.Be4 Rd4 24.f3 a6 25.Bf2 Rd7 26.Rxd7 Qxd7 27.Rd1 Bxe4 28.fxe4 Qg4  1/2-1/2

[Event "TCh-SVK"]
[Site "SVK"]
[Date "2001.01.28"]
[Round "7"]
[White "Svoboda,S"]
[Black "Macak,S"]
[Result "1/2-1/2"]
[WhiteElo "2172"]
[BlackElo "2086"]

1.d4 Nf6 2.c4 g6 3.Nc3 Bg7 4.e4 d6 5.Nf3 O-O 6.Be2 e5 7.O-O Nc6 8.d5 Ne7
9.b4 a5 10.Ba3 axb4 11.Bxb4 b6 12.a4 Ne8 13.Nb5 f5 14.a5 bxa5 15.Rxa5 Rxa5
16.Bxa5 Bh6 17.exf5 Nxf5 18.c5 e4 19.Nfd4 e3 20.f3 Bf4 21.Nxf5 Rxf5 22.g3 Rh5
23.Qd4 Rxh2 24.Qxf4 Rxe2 25.cxd6 Qd7 26.Nd4 Ra2 27.Ne6 Qxd6 28.Bxc7 Qxf4
29.Bxf4 e2  1/2-1/2

[Event "FSGM February"]
[Site "Budapest HUN"]
[Date "2001.02.03"]
[Round "1"]
[White "Szeberenyi,A"]
[Black "Rajlich,V"]
[Result "1-0"]
[WhiteElo "2411"]
[BlackElo "2364"]

1.d4 Nf6 2.Nf3 g6 3.c4 Bg7 4.Nc3 O-O 5.e4 d6 6.Be2 e5 7.O-O Nc6 8.d5 Ne7
9.b4 Nh5 10.Re1 Nf4 11.Bf1 a5 12.bxa5 Rxa5 13.Nd2 c5 14.a4 Ra6 15.Ra3 Qd7
16.Nf3 h6 17.Bxf4 exf4 18.e5 Nf5 19.Bd3 Re8 20.Bxf5 Qxf5 21.Nb5 dxe5 22.Nc7 Bd7
23.Nxe8 Bxe8 24.Nd2 Qd7 25.Ne4 b6 26.Nc3 f5 27.f3 g5 28.Qb1 h5 29.Rb3 g4
30.Rxb6 Rxb6 31.Qxb6 e4 32.Nb5 Qe7 33.Qe6+ Qxe6 34.dxe6 Bc6 35.e7 Kf7 36.Nd6+ Kxe7
37.Nxf5+ Kf8 38.Nxg7 Kxg7 39.Rxe4 gxf3 40.gxf3 Bxa4 41.Rxf4 Bc2 42.Kf2 Kg6
43.Ke3 Kg5 44.h4+ Kg6 45.Rf8 Bf5 46.Rxf5 Kxf5 47.f4 Kf6 48.Ke4 Ke6 49.f5+  1-0

[Event "FSIMA February"]
[Site "Budapest HUN"]
[Date "2001.02.03"]
[Round "1"]
[White "Petran,Pa"]
[Black "Erdelyi,Z"]
[Result "1-0"]
[WhiteElo "2392"]
[BlackElo "2244"]

1.d4 Nf6 2.c4 g6 3.Nc3 Bg7 4.e4 d6 5.Nf3 O-O 6.Be2 e5 7.O-O Nc6 8.d5 Ne7
9.b4 a5 10.Ba3 axb4 11.Bxb4 b6 12.a4 Nh5 13.Re1 f5 14.Nd2 Nf4 15.Bf1 Kh8
16.Nb5 Bd7 17.g3 Nh5 18.a5 bxa5 19.Rxa5 Bxb5 20.cxb5 c5 21.Rxa8 Qxa8 22.Bc3 fxe4
23.Nxe4 Nxd5 24.Bb2 Rd8 25.Ng5 Qb7 26.Ne6 Re8 27.Nxg7 Kxg7 28.f4 Nhf6 29.fxe5 dxe5
30.Bxe5 c4 31.Qd4 Qxb5 32.Bxc4 Qa4 33.Ra1 Qb4 34.Bxd5 Qxd4+ 35.Bxd4 Rd8 36.Rd1  1-0

[Event "9th Aosta Valley"]
[Site "Saint Vincent ITA"]
[Date "2001.02.03"]
[Round "1"]
[White "Lagrotteria,S"]
[Black "Socko,B"]
[Result "0-1"]
[WhiteElo "2194"]
[BlackElo "2557"]

1.d4 Nf6 2.Nf3 g6 3.c4 Bg7 4.Nc3 d6 5.e4 O-O 6.Be2 e5 7.O-O Nc6 8.d5 Ne7
9.Ne1 Nd7 10.f3 f5 11.Nd3 f4 12.b4 g5 13.c5 Nf6 14.a4 Kh8 15.Ba3 Rg8 16.a5 Bf8
17.cxd6 cxd6 18.b5 g4 19.Bb2 g3 20.hxg3 fxg3 21.f4 Ng6 22.fxe5 dxe5 23.Rf5 Bg7
24.Nxe5 Nxe5 25.Rxe5 Ng4 26.Rh5 Qd6 27.Ba3 Qg6 28.Rh3 Nf2 29.Qd2 Bxh3 30.gxh3 Nxh3+
31.Kg2 Be5 32.Rf1 Nf4+ 33.Rxf4 Qh6  0-1

[Event "It"]
[Site "Bajmok YUG"]
[Date "2001.02.04"]
[Round "10"]
[White "Varga,P"]
[Black "Milu,R"]
[Result "1/2-1/2"]
[WhiteElo "2464"]
[BlackElo "2432"]

1.d4 Nf6 2.c4 g6 3.Nc3 Bg7 4.e4 d6 5.Nf3 O-O 6.Be2 e5 7.O-O Nc6 8.d5 Ne7
9.Ne1 Nd7 10.Nd3 f5 11.Bd2 Kh8 12.b4 Nf6 13.f3 f4 14.c5 g5 15.g4 h5 16.h3 Ng6
17.Be1  1/2-1/2

[Event "Belgian Interteams 2000-1"]
[Site "BEL"]
[Date "2001.02.04"]
[Round "8"]
[White "Mohandesi,S"]
[Black "Schebler,G"]
[Result "1/2-1/2"]
[WhiteElo "2299"]
[BlackElo "2496"]

1.d4 Nf6 2.c4 g6 3.Nc3 Bg7 4.e4 d6 5.Nf3 O-O 6.Be2 e5 7.O-O Nc6 8.d5 Ne7
9.Ne1 Nd7 10.Nd3 f5 11.Bd2 Rf7 12.a4 Nf6 13.f3 f4 14.g4 g5 15.c5 h5 16.h3 Ng6
17.cxd6 cxd6 18.Be1 Bf8 19.a5 Rh7 20.Kg2 hxg4 21.hxg4 Qe7 22.Bf2 Nh4+ 23.Bxh4 Rxh4
24.Rh1 Rxh1 25.Qxh1 Bd7 26.Qd1 Qh7 27.Qh1 Qg6 28.Nf2 a6 29.Qd1 Qh7 30.Qb3 Be8
31.Rh1 Qc7 32.Nh3 Nh7 33.Qb4 Rc8 34.Rc1 Be7 35.Nf2 Nf8 36.Nd3 Ng6 37.Na4 Qd8
38.Nb6 Rxc1 39.Nxc1 Qb8 40.Nb3 Bd8 41.Nd2 Bc7 42.Bd1 Nh4+ 43.Kf2 Qd8 44.Ndc4 Kg7
45.Ba4 Bg6 46.Qc3 Bb8 47.Qa3 Bf7 48.Bd7 Qc7 49.Qb4 Kf6 50.b3 Ke7 51.Ke2 Kf6
52.Kf2 Ke7 53.Ke2  1/2-1/2

[Event "TCh-FRA"]
[Site "Monaco FRA"]
[Date "2001.02.04"]
[Round "3"]
[White "Seel,C"]
[Black "Guadalpi,D"]
[Result "0-1"]
[WhiteElo "2232"]
[BlackElo "2282"]

1.Nf3 Nf6 2.c4 g6 3.Nc3 Bg7 4.e4 d6 5.d4 O-O 6.Be2 e5 7.O-O Nc6 8.d5 Ne7
9.b4 Nh5 10.Re1 f5 11.Ng5 Nf6 12.Bf3 c6 13.Qb3 h6 14.Ne6 Bxe6 15.dxe6 fxe4
16.Nxe4 Nxe4 17.Bxe4 Qc8 18.Rd1 Rd8 19.Qh3 d5 20.cxd5 cxd5 21.Ba3 dxe4 22.Rdc1 Qb8
23.Rd1 Rxd1+ 24.Rxd1 Qe8 25.Rd7 Nf5 26.Qb3 Bf6 27.e7+ Kg7 28.Qe6 Nxe7 29.Rxb7 Rd8
30.g4 Qf7 31.Qxf7+ Kxf7 32.b5 Rd2 33.Bxe7 Bxe7 34.Rxa7 Rb2 35.a4 Ke6 36.Ra6+ Bd6
37.b6 Kd5 38.a5 Bc5 39.Ra8 Rxf2 40.Rd8+ Kc4 41.Kh1 e3 42.Rd1 e2 43.Rc1+ Kd5
44.b7 Rf1+ 45.Kg2 Rxc1 46.b8=Q e1=Q 47.Qb3+ Kd4  0-1

[Event "FSIMA February"]
[Site "Budapest HUN"]
[Date "2001.02.06"]
[Round "3"]
[White "Petran,Pa"]
[Black "Jurkovic,A"]
[Result "1-0"]
[WhiteElo "2392"]
[BlackElo "2349"]

1.d4 g6 2.c4 Bg7 3.Nc3 d6 4.Nf3 Nf6 5.e4 O-O 6.Be2 e5 7.O-O Nc6 8.d5 Ne7
9.b4 Nh5 10.Re1 a5 11.bxa5 Rxa5 12.a4 f5 13.Nd2 Nf6 14.f3 Kh8 15.Nb3 Ra8
16.Be3 Neg8 17.c5 Nh6 18.cxd6 cxd6 19.a5 fxe4 20.Bb6 Qe7 21.fxe4 Bd7 22.Nd2 Nf7
23.Nc4 Rac8 24.Qd3 Bg4 25.Nb5 Bxe2 26.Qxe2 Nh5 27.g3 Qd7 28.Rab1 Qh3 29.Nbxd6 Nxg3
30.Qg2 Qd7 31.Nxc8 Rxc8 32.hxg3 Rxc4 33.Rbc1 Qc8 34.Qf1 Rxc1 35.Rxc1 Qe8
36.Qh3 Nd6 37.Qe6 Qf8  1-0

[Event "9th Aosta Valley"]
[Site "Saint Vincent ITA"]
[Date "2001.02.06"]
[Round "4"]
[White "Atalik,S"]
[Black "Socko,M"]
[Result "1-0"]
[WhiteElo "2543"]
[BlackElo "2348"]

1.d4 Nf6 2.c4 g6 3.Nc3 Bg7 4.e4 d6 5.Nf3 O-O 6.Be2 e5 7.O-O Nc6 8.d5 Ne7
9.b4 a5 10.bxa5 Rxa5 11.Nd2 Nd7 12.Nb3 Ra8 13.Be3 f5 14.f3 f4 15.Bf2 b6 16.a4 Nc5
17.a5 Nxb3 18.Qxb3 bxa5 19.c5 g5 20.cxd6 cxd6 21.Bb6 Qe8 22.Nb5 Qg6 23.Rfc1 g4
24.Rc7 Rf7 25.fxg4 Bf8 26.h3 Kh8 27.Qf3 a4 28.Na7 Rb8 29.Bf2 Rb3 30.Rc3 Bb7
31.Rxa4 Rb1+ 32.Kh2 Ng8 33.Rb3 Rc1 34.Rab4 Ba8 35.Rb8 Bxd5 36.exd5 e4 37.Rxf8 exf3
38.Bd4+ Qf6 39.Bxf6+ Rxf6 40.Rxg8+ Kxg8 41.Bxf3 Rf8 42.Nc6 Re8 43.Rb4  1-0

[Event "12th Goodricke Open"]
[Site "Calcutta IND"]
[Date "2001.02.07"]
[Round "2"]
[White "Sanjay,N"]
[Black "Deshmukh,A"]
[Result "1/2-1/2"]
[WhiteElo "2364"]
[BlackElo "2313"]

1.Nf3 Nf6 2.c4 g6 3.Nc3 Bg7 4.e4 d6 5.d4 O-O 6.Be2 e5 7.O-O Nc6 8.d5 Ne7
9.b4 c6 10.a4 a5 11.bxa5 Qxa5 12.Ra3 c5 13.Nd2 Ne8 14.Nb5 f5 15.Bb2 f4 16.Bc3 Qd8
17.Bg4 h5 18.Bxc8 Nxc8 19.a5 Rf7 20.f3 g5 21.g4 Bf6 22.h3 Rh7 23.Kg2 Ne7
24.Nb3 Ng6 25.Be1 Qd7 26.Bf2 Be7 27.Rh1 Nf6 28.Qe2 Kf7 29.Raa1 Rah8 30.Rag1 Rh6
31.Qd1 Kg7 32.Qe2 R8h7 33.Qd1 Qc8 34.Nd2 Kf7 35.Be1 Qh8 36.Bf2 Ne8 37.Qb1 Nf8
38.Nc3 Nf6 39.Nb5 Kg8 40.Qd1 Ne8 41.Qb1 Bd8 42.Nb3 Nd7 43.Qd1 Kf8 44.Qb1 Be7
45.Nd2 Nb8 46.Nc3 Bd8 47.Nb3 Na6 48.Na2 Nf6 49.Qd1 Ke8 50.Qb1 Nd7 51.Qd1 Bc7
52.Qb1 Kd8 53.Qd1 Kc8 54.Qb1 Nf6 55.Qd1 Kb8 56.gxh5  1/2-1/2

[Event "FSGM February"]
[Site "Budapest HUN"]
[Date "2001.02.08"]
[Round "5"]
[White "Szeberenyi,A"]
[Black "Horvath,Ad"]
[Result "1-0"]
[WhiteElo "2411"]
[BlackElo "2478"]

1.d4 Nf6 2.c4 g6 3.Nc3 Bg7 4.e4 d6 5.Be2 O-O 6.Nf3 e5 7.O-O Nc6 8.d5 Ne7
9.b4 a5 10.Ba3 b6 11.bxa5 Nh5 12.Re1 f5 13.Nd2 Nf6 14.Bf3 f4 15.Nb3 g5 16.g3 g4
17.Bg2 h5 18.Bb4 Nh7 19.axb6 Ng6 20.bxc7 Qf6 21.Nb5 h4 22.Nxd6 f3 23.Nxc8 hxg3
24.hxg3 Raxc8 25.Bxf8 Ngxf8 26.d6 Ne6 27.Qd5 fxg2 28.d7 Rf8 29.Qxe6+ Qxe6
30.d8=Q  1-0

[Event "12th Goodricke Open"]
[Site "Calcutta IND"]
[Date "2001.02.08"]
[Round "3"]
[White "Rahman,Zia"]
[Black "Mariano,N"]
[Result "1-0"]
[WhiteElo "2447"]
[BlackElo "2395"]

1.Nf3 Nf6 2.c4 d6 3.d4 g6 4.Nc3 Bg7 5.e4 O-O 6.Be2 e5 7.O-O Nc6 8.d5 Ne7
9.b4 Kh8 10.c5 Neg8 11.a4 Nh5 12.Re1 Nf4 13.Bf1 Bg4 14.h3 Bxf3 15.Qxf3 f5
16.Qd1 fxe4 17.Nxe4 Nf6 18.Bxf4 Nxe4 19.Be3 a5 20.Qd3 Nf6 21.b5 Rf7 22.Rad1 Qf8
23.Qc2 Bh6 24.Bxh6 Qxh6 25.b6 Rd8 26.Qb2 cxb6 27.Qxb6 Qf8 28.c6 Ra8 29.Bb5 bxc6
30.dxc6 Qe7 31.c7 Qxc7 32.Qxc7 Rxc7 33.Rxd6 Kg7 34.Rxe5 Raa7 35.g4 h6 36.Ree6 Rc1+
37.Kg2 Rf7 38.h4 Rc5 39.Bd3 g5 40.hxg5 Rxg5 41.Bf5 Ne8 42.Rg6+ Kf8 43.Rd5 Rxg6
44.Bxg6 Rf4 45.Bxe8 Kxe8 46.Kg3 Rxa4 47.Rh5 Ra3+ 48.f3 a4 49.Rxh6 Ra1 50.g5 Rg1+
51.Kf4 a3 52.Ra6 Ra1 53.Kf5 a2 54.f4 Kd7 55.Kg6 Rf1 56.Rxa2 Rxf4 57.Re2 Rf1
58.Kg7 Rg1 59.g6 Rh1 60.Kg8 Rg1  1-0

[Event "9th Aosta Valley"]
[Site "Saint Vincent ITA"]
[Date "2001.02.11"]
[Round "9"]
[White "Polak,T"]
[Black "Socko,B"]
[Result "1-0"]
[WhiteElo "2505"]
[BlackElo "2557"]

1.d4 Nf6 2.c4 g6 3.Nc3 Bg7 4.e4 d6 5.Be2 O-O 6.Nf3 e5 7.O-O Nc6 8.d5 Ne7
9.b4 a5 10.bxa5 Rxa5 11.a4 b6 12.Ba3 Ra8 13.Bb4 Ne8 14.Nb5 f5 15.Ra3 fxe4
16.Ng5 e3 17.fxe3 Rxf1+ 18.Qxf1 Nf5 19.Ne4 Bh6 20.Qf3 Bd7 21.g4 Nxe3 22.Rxe3 Bxe3+
23.Qxe3 Rxa4 24.Bd2 Qh4 25.h3 Bxb5 26.cxb5 Nf6 27.Nxf6+ Qxf6 28.Qg5 Ra1+
29.Kg2 Qf7 30.Bf3 Ra2 31.Kg3 Ra3 32.Be3 Kf8 33.h4 Ke8 34.h5 Kd7 35.hxg6 hxg6
36.Kg2 Kc8 37.Kg3 Kb7 38.Kg2 Qf8 39.Kg3 Rb3 40.Kg2 Qf7 41.Be4 Rb2+ 42.Kg1 Re2
43.Bg2 Re1+ 44.Kh2 Qd7 45.Bf2 Re2 46.Kg3 Qxb5 47.Bf1 Qb3+ 48.Kg2 Ra2 49.Qxg6 Qxd5+
50.Kg1 Ra1 51.Qf5 b5 52.Be3 Qc4 53.g5 b4 54.Kg2 Qa2+ 55.Kg3 Qd5 56.g6 b3
57.Qf7 Qxf7 58.gxf7 Ra8 59.Bh6 b2 60.Bg2+ Kb6 61.Be3+ Ka5 62.Bxa8 b1=Q 63.f8=Q Qg6+
64.Kf2 Qc2+ 65.Kf3 Qb1 66.Ke2 Qb5+ 67.Kf2 Qb2+ 68.Kg3 Qb3 69.Qf3 Qg8+ 70.Kf2 Qa2+
71.Ke1 Qb1+ 72.Ke2 c5 73.Bd2+ Ka6 74.Qa3+ Kb6 75.Bd5  1-0